000 00595nam a2200241 a 4500
001 nice12345678
003 IN_TiNIC
005 20260116011512.0
008 050524s1955 shia grc 000 0 49g
020 _a
_c100
082 0 0 _a220.1
_bBAR
100 _aBarkat, Ullah
245 _aSehat-E-Kutub-E-Muqaddasa.
260 _aShimla
_bIndian Institute
_c1955
300 _a363p
500 _aincludes index and biblioraphy
505 2 _abibliography, index
650 _aBible-Evidences and Authority
700 1 _aBarkat, Ullah
902 _bSRS
942 _cPC
999 _c2089
_d2089